01271nam a2200325 a 4500001001000000003000500010005001700015008004100032010001100073011001100084040000900095090001000104100004000114245011800154260004100272500006000313502009800373590004100471590004000512590004000552650003300592650004300625650003400668856007000702901000700772942001000779942000600789999001900795952013100814000115672CHAP20220329144544.0190620s2018 mx a sm |||||||spa d a112133 a113105 cCHAP aTesis1 aRoldán Carrera, Jonathan.913624710aInventario de ornitofauna en el ejido El Refugio, Poanas, Durango /h[En línea]cpor Jonathan Roldán Carrera. aChapingo, Méx. :bEl autor,c2018. aPara ver el contenido del material haga clic en la liga aTesis (Ing. en Sistemas Agrícolas) -- UACH. Unidad Regional Universitaria de Zonas Áridas aBATCH-UPDb05c20190620lUCH01h1509 aE8697GMMb05c20190620lUCH01h1509 aE8697GMMb05c20190620lUCH01h151114aAvesxClasificación.9859814aAvesxConservaciónzDurango.913479714aAvesxIdentificación.98612 aFinding aiduhttp://10.13.5.2/tesis/sist115672.pdfzTeclea aquí aBK cTESIS n0 c112133d112133 00104054718TESISaBCbBCd2019-06-20fTESISl0oTesisp115681-10r2019-12-31 00:00:00w2019-12-31yTESISzRecien adquirido